Invenio (Registro nro. 8627)

Detalles MARC
000 -LEADER
fixed length control field 01960nas a2200277 454500
001 - CONTROL NUMBER
control field 27781
005 - DATE AND TIME OF LATEST TRANSACTION
control field 20260407193507.0
008 - FIXED-LENGTH DATA ELEMENTS--GENERAL INFORMATION
fixed length control field 260407s1997####ag###########|||spa#d
003 - CONTROL NUMBER IDENTIFIER
control field AR-UNSa-BCEJYS
040 ## - CATALOGING SOURCE
Original cataloging agency AR-UNSa-BCEJYS
Language of cataloging spa
Transcribing agency AR-UNSa-BCEJYS
080 ## - UNIVERSAL DECIMAL CLASSIFICATION NUMBER
Universal Decimal Classification number 3
Common auxiliary subdivision Ciencias sociales. Estadística. Política. Economía. Comercio. Derecho. Gobierno. Asuntos militares. Bienestar social. Seguros. Educación. Folclore
022 ## - INTERNATIONAL STANDARD SERIAL NUMBER
International Standard Serial Number 0329-3475
100 1# - MAIN ENTRY--PERSONAL NAME
Personal name Universidad del Centro Educativo Latinoamericano
245 10 - TITLE STATEMENT
Title Invenio
264 #1 - PRODUCTION, PUBLICATION, DISTRIBUTION, MANUFACTURE, AND COPYRIGHT NOTICE
Place of production, publication, distribution, manufacture Rosario :
Name of producer, publisher, distributor, manufacturer Universidad del Centro Educativo Latinoamericano
Date of production, publication, distribution, manufacture, or copyright notice 1997
310 ## - CURRENT PUBLICATION FREQUENCY
Current publication frequency Frecuencia: Semestral
520 ## - SUMMARY, ETC.
Summary, etc. Unas palabras acerca del titulo elegido para nuestra publicación. En latin, Invenio es un verbo transitivo de la cuarta conjugación ,que significa ENCONTRAR, HALLAR, CONSEGUIR, ADQUIRIR,INVENTAR,DESCUBRIR PREGUNTANDO, ENTERARSE DE ... Ya se ve que es una de esas palabras ricas en significados y connotaciones, y que quizá como ninguna otra , expresa todo eso que se pretende en la vida universitaria. Mediante esta publicación, la Universidad del Centro Educativo Latinoamericano hace su presentación en el mundo de la Academia. En las páginas de nuestra revista, docentes y alumnos van a expresar sus ideas sobre distintos aspectos del saber científico, filosófico y teológico. Podrá existir el disenso y será bueno que así ocurra, recordando que la ciencia se construye, en gran medida, a través de conjeturas y refutaciones. No se pretende, pues, una visión monolítica, sin fisuras, sino apreciaciones desde distintos ángulos y desde distintas experiencias.
590 ## - LOCAL NOTE (RLIN)
Local note niveau_biblio:s niveau_hierar:1
650 ## - SUBJECT ADDED ENTRY--TOPICAL TERM
Topical term or geographic name entry element Ciencias sociales
650 ## - SUBJECT ADDED ENTRY--TOPICAL TERM
Topical term or geographic name entry element Filosofía
650 ## - SUBJECT ADDED ENTRY--TOPICAL TERM
Topical term or geographic name entry element Teología
650 ## - SUBJECT ADDED ENTRY--TOPICAL TERM
Topical term or geographic name entry element ECONOMIA
700 1# - ADDED ENTRY--PERSONAL NAME
Personal name Pontón, Rogelio T.
856 41 - ELECTRONIC LOCATION AND ACCESS
Uniform Resource Identifier <a href="https://biblioeco.unsa.edu.ar/pmb/images/revistas/Invenio-r13513.jpg">https://biblioeco.unsa.edu.ar/pmb/images/revistas/Invenio-r13513.jpg</a>
Link text Imagen de portada
Electronic format type image/jpeg
942 ## - ADDED ENTRY ELEMENTS (KOHA)
Koha item type
Existencias
Withdrawn status Lost status Damaged status Not for loan Home library Current library Shelving location Date acquired Serial enumeration / chronology Total checkouts Full call number Barcode Date last seen Price effective from Koha item type
        Biblioteca Prof. Eusebio Cleto del Rey Biblioteca Prof. Eusebio Cleto del Rey   01/11/2008 Año 11, Nº 21 - nov. 2008   H3 INV 21 R13513 10/04/2026 10/04/2026 Numero
        Biblioteca Prof. Eusebio Cleto del Rey Biblioteca Prof. Eusebio Cleto del Rey   01/11/2004 Año 7, Nº 13 - nov. 2004   H3 INV 13 R13512 10/04/2026 10/04/2026 Numero
        Biblioteca Prof. Eusebio Cleto del Rey Biblioteca Prof. Eusebio Cleto del Rey   01/06/2004 Año 7, Nº 12 - jun. 2004   H3 INV 12 R13511 10/04/2026 10/04/2026 Numero
        Biblioteca Prof. Eusebio Cleto del Rey Biblioteca Prof. Eusebio Cleto del Rey   01/06/2003 Año 6, Nº 10 - jun. 2003   H3 INV 10 R13510 10/04/2026 10/04/2026 Numero
        Biblioteca Prof. Eusebio Cleto del Rey Biblioteca Prof. Eusebio Cleto del Rey   01/11/2002 Año 5, Nº 9 - nov. 2002   H3 INV 9 R13509 10/04/2026 10/04/2026 Numero
        Biblioteca Prof. Eusebio Cleto del Rey Biblioteca Prof. Eusebio Cleto del Rey   01/06/2002 Año 5, Nº 8 - jun. 2002   H3 INV 8 R13508 10/04/2026 10/04/2026 Numero
        Biblioteca Prof. Eusebio Cleto del Rey Biblioteca Prof. Eusebio Cleto del Rey   01/12/2001 Año 4, Nº 7 - dic. 2001   H3 INV 7 R13507 10/04/2026 10/04/2026 Numero
        Biblioteca Prof. Eusebio Cleto del Rey Biblioteca Prof. Eusebio Cleto del Rey   01/06/2001 Año 4, Nº 6 - jun. 2001   H3 INV 6 R13506 10/04/2026 10/04/2026 Numero
        Biblioteca Prof. Eusebio Cleto del Rey Biblioteca Prof. Eusebio Cleto del Rey   01/12/2000 Año 3, Nº 4/5 - dic. 2000   H3 INV 4/5 R13505 10/04/2026 10/04/2026 Numero
        Biblioteca Prof. Eusebio Cleto del Rey Biblioteca Prof. Eusebio Cleto del Rey   01/06/1999 Año 2, Nº 3 - jun. 1999   H3 INV 3 R13504 10/04/2026 10/04/2026 Numero
        Biblioteca Prof. Eusebio Cleto del Rey Biblioteca Prof. Eusebio Cleto del Rey   01/11/1998 Año 1, Nº 2 - nov. 1998   H3 INV 2 R13500 10/04/2026 10/04/2026 Numero